000 00442 a2200157 4500
999 _c5659
_d5659
020 _a8187328258
050 _aQC 5.3 LAK 2006
100 _aLakshmi, V.
_eauthor
245 _aApplied Physics:
_bas per the latest revised syllabi/
_cV. Lakshmi and S . Usha
264 _aChennai:
_bScitech Publications,
_c2000
300 _a231p.
500 _aIncludes index
650 _aPhsics
700 _aUsha,S.
_eauthor
942 _2lcc
_cBK
_h5.3
_iLAK
_kQC